Pôsobenie finančno-ekonomických nástrojov na inovácie a kvalitu kandidátska dizertačná práca

Na minha lista:
Detalhes bibliográficos
Autor principal: Horvát, Ján
Autor Corporativo: Vysoká škola ekonomická v Bratislave. Národohospodárska fakulta
Outros Autores: Vlachynský, Karol
Formato: Livro
Idioma:eslovaco
Publicado em: Bratislava 1983
Tags: Adicionar Tag
Sem tags, seja o primeiro a adicionar uma tag!

MARC

LEADER 00000nam a2200000 4500
001 c034108
005 20230116121610.2
041 0 |a slo 
044 |a SK 
245 1 0 |a Pôsobenie finančno-ekonomických nástrojov na inovácie a kvalitu  |b kandidátska dizertačná práca  |c Ján Horvát ; Ved. práce Karol Vlachynský 
264 1 |a Bratislava  |c 1983 
300 |a 143 s. 
100 1 |a Horvát, Ján 
700 1 |a Vlachynský, Karol 
710 2 |a Vysoká škola ekonomická v Bratislave. Národohospodárska fakulta